000 01080naa a22003137a 4500
001 BR7806102
003 BR-BrBNA
005 20240918174226.0
007 ta
008 230509b bl.||||| |||| 00| 0 por d
040 _aBR-BrBNA
_bpor
_cBiblioteca Nacional de Agricultura
041 _a(Pt)
072 _aA50; F00
_b0230
_bG514
090 _aA50 BR7806102
110 1 _aEmpresa de Pesquisa Agropecuaria do Ceara, Fortaleza (Brasil)
245 1 _aProjeto de pesquisa com cana-de-acucar [Saccharum officinarum, Ceara, Brasil]
260 3 _aFortaleza, CE (Brasil):
_c1978.
500 _aProjetos administracao e pesquisa 1979/80 Fortaleza, CE (Brasil): 1978. p. 40-49 (BR7806102-AM)A50
650 _aPROJETO DE PESQUISA
650 _aPROJETO AGRICOLA
650 _aCANA DE ACUCAR
650 _aECONOMIA AGRICOLA
650 _aORCAMENTO
650 _aFINANCIAMENTO
650 _aCEARA
773 0 _tProjetos administracao e pesquisa 1979/80
_wA50 BR7806102
_gFortaleza, CE (Brasil), 1978. p. 40-49
909 _a202404
_bLucia
_c55
_dLucia Elande
942 _cAM
_2AGRIS
999 _c309716
_d309716